| 000 | 00818nmc a2200313 a 4500 | ||
|---|---|---|---|
| 003 | AR-BaBNM | ||
| 005 | 20251128202905.0 | ||
| 008 | 086019s1986 ||||||||||||||000 | spa|| | ||
| 020 | _a950-034-064 | ||
| 040 | _cAR-BaBNM | ||
| 100 | 1 |
_aPetit de Murat, Ulyses _d1907-1983 |
|
| 245 | 1 | 0 | _aSamuel Eichelbaum |
| 260 |
_aBuenos Aires _bA-Z editora _c1986 |
||
| 300 | 0 | _a87 p. | |
| 490 | 0 |
_aEscritores argentinos por autores argentinos _vv. 5 |
|
| 650 | 4 | _aLITERATURA ARGENTINA | |
| 650 | 4 | _aCRITICA LITERARIA | |
| 650 | 4 | _aANALISIS LITERARIO | |
| 650 | 4 | _aANTOLOGIAS | |
| 650 | 4 | _aBIOGRAFIAS | |
| 650 | 4 | _aTEATRO | |
| 653 | 0 | _aSAINETE | |
| 653 | 0 | _aGROTESCO | |
| 655 | _aLITERATURA | ||
| 700 | 1 |
_aFerraro, Duilio _eprologuista |
|
| 800 | 1 |
_aFerraro, Duilio _edirector |
|
| 942 | _cBK | ||
| 998 | _cMARTIN | ||
| 999 |
_c1065 _d1065 |
||